[Event "14th EUR-ch"]
[Site "Minsk BLR"]
[Date "2017.06.03"]
[Round "5.96"]
[White "Balashov, Yury"]
[Black "Lopez Martinez, Josep Manuel"]
[Result "0-1"]
[WhiteElo "2408"]
[BlackElo "2597"]
[EventDate "2017.05.30"]
[PlyCount "116"]

1.d4 Nf6 2.c4 b6 3.Nc3 Bb7 4.Qc2 d5 5.cxd5 Nxd5 6.Nf3 e6 7.e4 Nxc3 8.bxc3 
Be7 9.Be3 Nd7 10.Rd1 Rc8 11.Bd3 c6 12.O-O Qc7 13.c4 c5 14.d5 e5 15.Nd2 O-O
16.Nb1 Nf6 17.Nc3 Ne8 18.a4 a5 19.Nb5 Qb8 20.Qb2 Ba6 21.Rb1 Bd8 22.Na3 Bc7
23.Be2 Nd6 24.Qc2 Qa7 25.f4 Rce8 26.fxe5 Rxe5 27.Bf4 Rfe8 28.Bxe5 Rxe5 29.
Bf3 Qb8 30.Rb3 Qd8 31.Nb5 Bxb5 32.cxb5 Qe7 33.g3 h5 34.Bg2 h4 35.Rf4 hxg3 
36.Rxg3 Ne8 37.Rh3 g5 38.Rf1 g4 39.Rh6 Kg7 40.Qd2 Rg5 41.Rh4 Be5 42.Rf5 
Bd4+ 43.Kh1 Rg6 44.Rfh5 Nf6 45.Rg5 Qd6 46.Rf5 Be5 47.Qd3 Qe7 48.Qe2 g3 49.
hxg3 Rxg3 50.Rh3 Rg6 51.Bf3 Bd4 52.e5 Nd7 53.Bh5 Rg1+ 54.Kh2 Nxe5 55.Rxe5 
Qd6 56.Bxf7 Rg5 57.Be6 Rxe5 58.Qf3 Re2+ 0-1

[Event "14th EUR-ch"]
[Site "Minsk BLR"]
[Date "2017.06.03"]
[Round "5.97"]
[White "Potkin, Vladimir"]
[Black "Saraci, Nderim"]
[Result "1/2-1/2"]
[WhiteElo "2588"]
[BlackElo "2383"]
[EventDate "2017.05.30"]
[PlyCount "144"]

1.c4 e5 2.Nc3 Bb4 3.Nd5 Bc5 4.b4 Bd4 5.Rb1 c6 6.e3 Bb6 7.Nxb6 axb6 8.Bb2 
d6 9.a3 Nf6 10.Ne2 Bf5 11.d3 Nbd7 12.Ng3 Bg6 13.Be2 O-O 14.O-O d5 15.f4 
exf4 16.exf4 h6 17.f5 Bh7 18.Qd2 Re8 19.Rbe1 b5 20.Qf4 dxc4 21.dxc4 bxc4 
22.Bxc4 Rxe1 23.Rxe1 Nb6 24.Bb3 Nbd5 25.Qh4 Qf8 26.Ne4 Nxe4 27.Qxe4 Qd6 
28.g4 Kh8 29.Bxd5 cxd5 30.Qe5 Qxe5 31.Rxe5 f6 32.Re7 Rc8 33.Rxb7 Rc2 34.
Bd4 Rc4 35.Rb8+ Bg8 36.Bc5 Rxg4+ 37.Kf2 d4 38.Kf3 Rh4 39.Kg3 Rh5 40.a4 
Rxf5 41.Bxd4 Kh7 42.a5 Bd5 43.Rd8 Rf3+ 44.Kg2 Be4 45.Kg1 Ra3 46.Re8 Bd5 
47.Rd8 Be4 48.Kf2 Kg6 49.Rd7 h5 50.h4 Rf3+ 51.Ke2 Rh3 52.Bf2 Bc6 53.Rd6 
Bb5+ 54.Kd2 Rh2 55.Ke3 Rh3+ 56.Kd4 Ra3 57.Kc5 Bf1 58.Be1 Re3 59.Bd2 Re5+ 
60.Kb6 Kf5 61.a6 g5 62.a7 Bg2 63.hxg5 fxg5 64.Rd8 Re6+ 65.Ka5 Re2 66.Bc3 
h4 67.Rf8+ Kg6 68.Rg8+ Kf5 69.Rf8+ Kg6 70.Rg8+ Kf5 71.Rf8+ Kg6 72.Rg8+ Kf5
1/2-1/2

[Event "14th EUR-ch"]
[Site "Minsk BLR"]
[Date "2017.06.03"]
[Round "5.98"]
[White "Tikhonov, Yury"]
[Black "Indjic, Aleksandar"]
[Result "1/2-1/2"]
[WhiteElo "2402"]
[BlackElo "2587"]
[EventDate "2017.05.30"]
[PlyCount "86"]

1.d4 d5 2.c4 c6 3.Nf3 Nf6 4.Nc3 e6 5.e3 Nbd7 6.Bd3 dxc4 7.Bxc4 b5 8.Be2 a6
9.a3 c5 10.dxc5 Bxc5 11.b4 Be7 12.O-O Bb7 13.Nd4 Rc8 14.Bd2 Ne5 15.a4 Bxb4
16.Qb3 Nd5 17.Rfc1 O-O 18.axb5 a5 19.Be1 Qg5 20.Ne4 Qg6 21.Ng3 Bxe1 22.
Rxe1 Rc3 23.Qb2 Nc4 24.Qb1 Qxb1 25.Rexb1 Ndb6 26.Bxc4 Nxc4 27.Nge2 Ra3 28.
Rxa3 Nxa3 29.Ra1 Nc4 30.Nb3 Rd8 31.h4 Kf8 32.Nxa5 Ra8 33.Nb3 Rxa1+ 34.Nxa1
Ke7 35.Nb3 Bd5 36.Nbd4 e5 37.Nf5+ Kf6 38.Nc3 Bxg2 39.Nxg7 Bf3 40.Ne8+ Ke7 
41.Nc7 Kd6 42.Na6 f5 43.Kh2 f4 1/2-1/2

[Event "14th EUR-ch"]
[Site "Minsk BLR"]
[Date "2017.06.03"]
[Round "5.99"]
[White "Bakalchuk, Johnatan"]
[Black "Grigoriants, Sergey"]
[Result "0-1"]
[WhiteElo "2391"]
[BlackElo "2576"]
[EventDate "2017.05.30"]
[PlyCount "126"]

1.d4 Nf6 2.Bf4 d5 3.e3 e6 4.Nf3 c5 5.Nc3 a6 6.a3 b5 7.dxc5 Bxc5 8.Bd3 Bb7 
9.O-O Nbd7 10.Re1 O-O 11.Qe2 Re8 12.e4 d4 13.Na2 e5 14.Bd2 Bb6 15.b4 Nf8 
16.g3 Qd6 17.Rad1 Rac8 18.Nc1 Ng6 19.Nb3 h6 20.Bc1 Qe6 21.Bb2 Rc7 22.Nfd2 
Rec8 23.Rc1 Qh3 24.Qf1 Qxf1+ 25.Rxf1 Ne8 26.Nb1 Nd6 27.Rfe1 Nc4 28.Ba1 Nf8
29.c3 dxc3 30.Rxc3 Ne6 31.Rec1 Ng5 32.N1d2 Nh3+ 33.Kf1 Nxd2+ 34.Nxd2 Rxc3 
35.Rxc3 Rxc3 36.Bxc3 Nxf2 37.Bc2 f6 38.Ke2 Kf8 39.Kf3 Nh3 40.Kg4 Bc8+ 41.
Kh5 Bd7 42.Nf3 Be8+ 43.Kg4 Nf2+ 44.Kf5 Kf7 45.Bb3+ Ke7 46.Nh4 Bd7+ 47.Kg6 
Nxe4 48.Be1 Kf8 49.Bd5 Ng5 50.Nf3 Be8+ 51.Kf5 Nxf3 52.Bxf3 Ke7 53.Bb7 g6+ 
54.Ke4 Kd6 55.g4 Bc6+ 56.Bxc6 Kxc6 57.Bd2 h5 58.gxh5 gxh5 59.Kf5 Kd5 60.
Kxf6 Bd8+ 61.Kf7 e4 62.Ke8 Bf6 63.Kd7 Bb2 0-1

[Event "14th EUR-ch"]
[Site "Minsk BLR"]
[Date "2017.06.03"]
[Round "5.100"]
[White "Wagner, Dennis"]
[Black "Erturan, Yakup"]
[Result "1-0"]
[WhiteElo "2571"]
[BlackElo "2367"]
[EventDate "2017.05.30"]
[PlyCount "69"]

1.Nf3 d5 2.d4 Nf6 3.c4 c6 4.Nc3 e6 5.Bg5 Nbd7 6.e3 Qa5 7.cxd5 exd5 8.Nd2 
Be7 9.Bd3 O-O 10.O-O Re8 11.Qc2 Nf8 12.Rab1 Bg4 13.h3 Bh5 14.f4 h6 15.Bh4 
Ne4 16.b4 Qd8 17.Bxe7 Qxe7 18.Bxe4 dxe4 19.g4 Qh4 20.Ndxe4 f5 21.gxh5 fxe4
22.Qg2 Qxh5 23.f5 Kh7 24.Nxe4 Nd7 25.Ng3 Qh4 26.Rf4 Qe7 27.e4 Nf6 28.e5 
Nd5 29.Rg4 Kh8 30.Qf3 Qf7 31.Kh2 a5 32.b5 cxb5 33.Rf1 Ne7 34.e6 Qf8 35.Nh5
1-0

[Event "14th EUR-ch"]
[Site "Minsk BLR"]
[Date "2017.06.05"]
[Round "6.1"]
[White "Melkumyan, Hrant"]
[Black "Cheparinov, Ivan"]
[Result "1/2-1/2"]
[WhiteElo "2613"]
[BlackElo "2688"]
[EventDate "2017.05.30"]
[PlyCount "115"]

1.Nf3 d5 2.d4 Nf6 3.c4 e6 4.g3 Bb4+ 5.Bd2 Be7 6.Bg2 O-O 7.O-O Nbd7 8.a4 a5
9.Qc2 c6 10.Rc1 Ne4 11.Be3 Nd6 12.Na3 g5 13.Rd1 f5 14.Qc1 Nf7 15.Nc2 Nb6 
16.cxd5 exd5 17.b3 Bf6 18.Nce1 Re8 19.Nd3 h6 20.Nfe5 Nd6 21.f4 g4 22.Bf2 
Ne4 23.Be1 Be6 24.Nc5 Nxc5 25.Qxc5 Nd7 26.Qc2 Bg7 27.b4 axb4 28.Bxb4 Nf6 
29.a5 Ne4 30.Rdb1 Qc7 31.Ra2 h5 32.Rab2 Bc8 33.Be1 Bf6 34.Rb6 Re6 35.Bxe4 
fxe4 36.Qc5 Be7 37.Qc1 Rf6 38.R1b3 Bd8 39.a6 Rxa6 40.Rxa6 bxa6 41.Qb2 Be7 
42.Bb4 c5 43.Bxc5 Bxc5 44.dxc5 Qxc5+ 45.Kg2 d4 46.Rb8 Kg7 47.Rb7+ Bxb7 48.
Qxb7+ Kh6 49.Qxe4 Qb5 50.h3 gxh3+ 51.Kxh3 d3 52.g4 hxg4+ 53.Nxg4+ Kg7 54.
Nxf6 Kxf6 55.Qd4+ Kg6 56.exd3 a5 57.Kg3 a4 58.Qd6+ 1/2-1/2

[Event "14th EUR-ch"]
[Site "Minsk BLR"]
[Date "2017.06.05"]
[Round "6.2"]
[White "Fridman, Daniel"]
[Black "Kuzubov, Yuriy"]
[Result "1/2-1/2"]
[WhiteElo "2605"]
[BlackElo "2637"]
[EventDate "2017.05.30"]
[PlyCount "68"]

1.d4 Nf6 2.Nf3 d5 3.c4 e6 4.g3 Bb4+ 5.Bd2 Be7 6.Bg2 O-O 7.O-O c6 8.Qc2 b6 
9.Bf4 Bb7 10.Rd1 Nbd7 11.Ne5 Nh5 12.Bd2 Nhf6 13.cxd5 cxd5 14.Nc6 Bxc6 15.
Qxc6 a6 16.Rc1 Rc8 17.Qxc8 Qxc8 18.Rxc8 Rxc8 19.Nc3 b5 20.Rc1 Nb6 21.Nd1 
Rxc1 22.Bxc1 Nfd7 23.b3 Nb8 24.Ne3 Nc6 25.Nc2 f5 26.Bd2 Kf7 27.e3 g6 28.
Bf1 Bd6 29.Bd3 Bf8 30.Kf1 Be7 31.Ke2 Bf8 32.a4 bxa4 33.bxa4 Nxa4 34.Bxa6 
Nb6 1/2-1/2

[Event "14th EUR-ch"]
[Site "Minsk BLR"]
[Date "2017.06.05"]
[Round "6.3"]
[White "Matlakov, Maxim"]
[Black "Kovalev, Vladislav"]
[Result "1-0"]
[WhiteElo "2714"]
[BlackElo "2629"]
[EventDate "2017.05.30"]
[PlyCount "99"]

1.d4 Nf6 2.c4 g6 3.Nc3 Bg7 4.e4 d6 5.h3 O-O 6.Be3 c5 7.Nf3 cxd4 8.Nxd4 b6 
9.g3 Bb7 10.Bg2 Nbd7 11.O-O Nc5 12.Qc2 Rc8 13.Rfd1 Qd7 14.a4 a5 15.Nd5 Qd8
16.Rd2 Ne8 17.Nb5 e6 18.Ndc3 Qe7 19.Re1 Rd8 20.f4 Nc7 21.Nxc7 Qxc7 22.Nb5 
Qe7 23.b3 Rd7 24.Bf2 Rfd8 25.h4 h5 26.Rdd1 e5 27.f5 gxf5 28.exf5 Bxg2 29.
Kxg2 d5 30.cxd5 Rxd5 31.Nc3 Rxd1 32.Rxd1 Rxd1 33.Qxd1 e4 34.Nd5 Qe5 35.f6 
Bf8 36.Be3 Nd3 37.Ne7+ Bxe7 38.fxe7 Qxe7 39.Qxh5 Ne1+ 40.Kf2 Nc2 41.Qg5+ 
Qxg5 42.hxg5 Kh7 43.Bxb6 Kg6 44.Bxa5 Kxg5 45.Bd2+ Kf5 46.a5 Nd4 47.a6 Nb5 
48.Bf4 Na7 49.Be3 Nb5 50.Bb6 1-0

[Event "14th EUR-ch"]
[Site "Minsk BLR"]
[Date "2017.06.05"]
[Round "6.4"]
[White "Naiditsch, Arkadij"]
[Black "Kozul, Zdenko"]
[Result "1/2-1/2"]
[WhiteElo "2700"]
[BlackElo "2617"]
[EventDate "2017.05.30"]
[PlyCount "29"]

1.d4 Nf6 2.Bf4 c6 3.Nf3 Qb6 4.Qc1 d5 5.Nbd2 Bg4 6.e3 Bxf3 7.Nxf3 Nbd7 8.
Be2 e6 9.a4 a5 10.O-O Be7 11.c4 O-O 12.Rd1 Nh5 13.Be5 Nhf6 14.cxd5 Nxe5 
15.Nxe5 1/2-1/2

[Event "14th EUR-ch"]
[Site "Minsk BLR"]
[Date "2017.06.05"]
[Round "6.5"]
[White "Saric, Ivan"]
[Black "Rodshtein, Maxim"]
[Result "1/2-1/2"]
[WhiteElo "2618"]
[BlackElo "2698"]
[EventDate "2017.05.30"]
[PlyCount "71"]

1.e4 e5 2.Nf3 Nc6 3.Nc3 Nf6 4.d4 exd4 5.Nxd4 Bb4 6.Nxc6 bxc6 7.Bd3 d5 8.
exd5 O-O 9.O-O cxd5 10.h3 c6 11.Qf3 Re8 12.Bf4 Bd6 13.Rfe1 Be6 14.Ne2 Qc7 
15.Rad1 Rab8 16.b3 Bd7 17.Bxd6 Qxd6 18.c3 a5 19.Nd4 g6 20.Rxe8+ Rxe8 21.b4
Ra8 22.b5 cxb5 23.Bxb5 Bxb5 24.Nxb5 Qc6 25.c4 Qxc4 26.Nd6 Qh4 27.g3 Qg5 
28.Re1 Rf8 29.Qc3 Nh5 30.Ne8 Qd8 31.Qe5 Qd7 32.Qxh5 Rxe8 33.Rxe8+ Qxe8 34.
Qxd5 Qe1+ 35.Kg2 Qc3 36.h4 1/2-1/2

[Event "14th EUR-ch"]
[Site "Minsk BLR"]
[Date "2017.06.05"]
[Round "6.6"]
[White "Demchenko, Anton"]
[Black "Tomashevsky, Evgeny"]
[Result "1/2-1/2"]
[WhiteElo "2629"]
[BlackElo "2696"]
[EventDate "2017.05.30"]
[PlyCount "25"]

1.e4 c6 2.d4 d5 3.Nc3 dxe4 4.Nxe4 Bf5 5.Qf3 e6 6.Ne2 Bxe4 7.Qxe4 Nf6 8.Qf3
Qb6 9.g3 c5 10.Bg2 Nc6 11.dxc5 Bxc5 12.O-O O-O 13.Bg5 1/2-1/2

[Event "14th EUR-ch"]
[Site "Minsk BLR"]
[Date "2017.06.05"]
[Round "6.7"]
[White "Onischuk, Vladimir"]
[Black "Howell, David"]
[Result "0-1"]
[WhiteElo "2608"]
[BlackElo "2684"]
[EventDate "2017.05.30"]
[PlyCount "88"]

1.e4 e6 2.d4 d5 3.Nc3 Nf6 4.Bg5 dxe4 5.Nxe4 Be7 6.Nxf6+ Bxf6 7.Bxf6 Qxf6 
8.Nf3 O-O 9.Qd2 c5 10.O-O-O Rd8 11.Qc3 cxd4 12.Rxd4 Rxd4 13.Qxd4 Qxd4 14.
Nxd4 b6 15.Be2 Bb7 16.Nb5 Nd7 17.Rd1 Nf6 18.f3 Kf8 19.c4 Ke7 20.Kd2 g5 21.
Ke3 Bc6 22.Nc3 a5 23.b3 h6 24.a3 Ne8 25.g4 Nd6 26.f4 Rc8 27.Rc1 f5 28.h3 
Kf6 29.Rd1 gxf4+ 30.Kxf4 e5+ 31.Ke3 f4+ 32.Kf2 Ke6 33.Nd5 Ne4+ 34.Ke1 Bxd5
35.Rxd5 Nc3 36.Bd3 e4 37.Rd4 Ke5 38.Rd7 Ke6 39.Rd4 Ke5 40.Rd7 exd3 41.Rxd3
Nb1 42.a4 Ke4 43.Rd1 Nc3 44.Rd6 Ke3 0-1

[Event "14th EUR-ch"]
[Site "Minsk BLR"]
[Date "2017.06.05"]
[Round "6.8"]
[White "Anton Guijarro, David"]
[Black "Bosiocic, Marin"]
[Result "1-0"]
[WhiteElo "2660"]
[BlackElo "2603"]
[EventDate "2017.05.30"]
[PlyCount "49"]

1.e4 c5 2.Nf3 e6 3.d4 cxd4 4.Nxd4 Nc6 5.Nc3 Qc7 6.Be3 a6 7.a3 Nf6 8.f4 
Nxd4 9.Bxd4 d6 10.Qf3 Bd7 11.O-O-O Bc6 12.Bxf6 gxf6 13.f5 h5 14.Bc4 Bd7 
15.fxe6 fxe6 16.Qxf6 Rh6 17.Qg5 Qc5 18.Bd5 Rh8 19.Qg6+ Ke7 20.Kb1 Qe3 21.
Bxe6 Bxe6 22.Nd5+ Bxd5 23.exd5 Rh6 24.Qg8 Kd7 25.Rde1 1-0

[Event "14th EUR-ch"]
[Site "Minsk BLR"]
[Date "2017.06.05"]
[Round "6.10"]
[White "Jojua, Davit"]
[Black "Riazantsev, Alexander"]
[Result "1/2-1/2"]
[WhiteElo "2581"]
[BlackElo "2659"]
[EventDate "2017.05.30"]
[PlyCount "48"]

1.d4 d5 2.c4 e6 3.Nf3 Nf6 4.g3 Be7 5.Bg2 O-O 6.O-O Nbd7 7.Qc2 c6 8.Nbd2 b6
9.e4 dxc4 10.Nxc4 Bb7 11.e5 Nd5 12.Qe4 b5 13.Ne3 c5 14.Qg4 Kh8 15.dxc5 
Nxc5 16.Rd1 Qb6 17.Ng5 Nxe3 18.Bxe3 Bxg2 19.Kxg2 Bxg5 20.Bxg5 Na4 21.Rd2 
Qb7+ 22.Qf3 Qxf3+ 23.Kxf3 Nb6 24.Rc1 Nc4 1/2-1/2

[Event "14th EUR-ch"]
[Site "Minsk BLR"]
[Date "2017.06.05"]
[Round "6.11"]
[White "Antipov, Mikhail"]
[Black "Kovalenko, Igor"]
[Result "0-1"]
[WhiteElo "2576"]
[BlackElo "2657"]
[EventDate "2017.05.30"]
[PlyCount "113"]

1.d4 d5 2.c4 e6 3.Nf3 Nf6 4.g3 Bb4+ 5.Bd2 Be7 6.Bg2 O-O 7.Qc2 Nbd7 8.O-O 
c6 9.a4 a5 10.Rc1 Ne4 11.Ne1 f5 12.Nd3 Nb6 13.c5 Nd7 14.Be3 Qe8 15.f3 Nef6
16.Nd2 Qh5 17.Rf1 g5 18.Rae1 Bd8 19.h3 Bc7 20.Bf2 f4 21.g4 Qg6 22.Qc3 h5 
23.e4 hxg4 24.hxg4 Qh6 25.e5 Kf7 26.Rc1 Rh8 27.Rfd1 Ng8 28.Kf1 Qg6 29.Ke1 
Rh2 30.Bf1 Ne7 31.Be2 Qh7 32.Nb3 b6 33.cxb6 Bxb6 34.Kd2 Ba6 35.Rf1 Bc4 36.
Ke1 Qh3 37.Nd2 Bxd3 38.Bxd3 Nxe5 39.Be2 Nd7 40.Nb3 Qh8 41.Rc2 Rb8 42.Bd3 
Bc7 43.Re2 Bd6 44.Nc5 Nxc5 45.dxc5 Bc7 46.Kd1 Rb4 47.Qc2 Qh3 48.Be1 Qxf1 
49.Rxh2 Rd4 50.Kd2 Qg1 51.Re2 Qh1 52.Qc3 e5 53.Kc2 Kf6 54.Ba6 Rxa4 55.Qb3 
Ra1 56.Qb7 Rxe1 57.Qxc7 0-1

[Event "14th EUR-ch"]
[Site "Minsk BLR"]
[Date "2017.06.05"]
[Round "6.12"]
[White "Mastrovasilis, Dimitrios"]
[Black "Sargissian, Gabriel"]
[Result "1-0"]
[WhiteElo "2580"]
[BlackElo "2650"]
[EventDate "2017.05.30"]
[PlyCount "59"]

1.e4 e5 2.Nf3 Nc6 3.Bb5 a6 4.Ba4 Nf6 5.O-O Be7 6.Re1 b5 7.Bb3 O-O 8.c3 d5 
9.d4 exd4 10.e5 Ne4 11.cxd4 Bf5 12.Nc3 Nxc3 13.bxc3 Qd7 14.Bg5 Ba3 15.Nh4 
Be6 16.Bc2 g6 17.Bf6 Rfe8 18.f4 Ne7 19.Rf1 Bg4 20.Qe1 Kf8 21.f5 Nxf5 22.
Nxf5 Bxf5 23.Bxf5 gxf5 24.Qh4 Re6 25.Qxh7 Ke8 26.Rxf5 Qc6 27.Bg5 Kd7 28.
Rxf7+ Kc8 29.Rxc7+ Qxc7 30.Qg8+ 1-0

[Event "14th EUR-ch"]
[Site "Minsk BLR"]
[Date "2017.06.05"]
[Round "6.15"]
[White "Bocharov, Dmitry"]
[Black "Yilmaz, Mustafa"]
[Result "1/2-1/2"]
[WhiteElo "2574"]
[BlackElo "2630"]
[EventDate "2017.05.30"]
[PlyCount "181"]

1.c4 e6 2.Nf3 Nf6 3.d4 c5 4.d5 d6 5.Nc3 exd5 6.cxd5 g6 7.h3 Bg7 8.Bf4 O-O 
9.e3 Na6 10.Bxa6 bxa6 11.Rc1 Bb7 12.O-O Qe7 13.Re1 Nd7 14.e4 Rac8 15.Qd2 
Rfe8 16.Rc2 Qf8 17.Re3 h6 18.Bg3 Nb6 19.Re2 Rcd8 20.Qe1 Bc8 21.e5 Bf5 22.
Rcd2 c4 23.exd6 Bd3 24.Rxe8 Rxe8 25.Qd1 g5 26.Ne1 Bg6 27.Nc2 f5 28.f3 f4 
29.Bf2 Qxd6 30.Kh2 Bd3 31.Ne1 Bf5 32.Nc2 Bd3 33.Ne1 Bxc3 34.bxc3 Nxd5 35.
Nxd3 Ne3 36.Qb1 cxd3 37.Rxd3 Rb8 38.Rxd6 Rxb1 39.Bxe3 fxe3 40.Re6 Ra1 41.
Rxe3 Rxa2 42.Re7 Rc2 43.Rc7 a5 44.h4 gxh4 45.Kh3 a6 46.Rc6 Kg7 47.Rxa6 
Rxc3 48.Rxa5 Rc2 49.Ra4 h5 50.Rxh4 Kg6 51.Rd4 Rf2 52.Rd6+ Kg5 53.Rd5+ Kg6 
54.Rd1 Kf5 55.Kg3 Ra2 56.Rd5+ Kg6 57.Rb5 Rc2 58.f4 Rc4 59.Rg5+ Kh6 60.Re5 
Kg6 61.Kf3 Ra4 62.g3 Ra3+ 63.Re3 Ra6 64.Kg2 Ra1 65.Re6+ Kg7 66.Rb6 Rc1 67.
Rb3 Ra1 68.Kf3 Ra4 69.Rb7+ Kg6 70.Rb6+ Kg7 71.Re6 Ra3+ 72.Re3 Ra4 73.Rd3 
Kg6 74.Rd6+ Kg7 75.Re6 Ra3+ 76.Kg2 Ra1 77.Re2 Kg6 78.Rc2 Rb1 79.Rc6+ Kg7 
80.Ra6 Rc1 81.Ra3 Kg6 82.Kf3 Rc6 83.Ke4 Re6+ 84.Kd4 Re1 85.Ra6+ Kg7 86.f5 
Kf7 87.Rh6 Rg1 88.Ke5 Rxg3 89.Rh7+ Kg8 90.Rxh5 Ra3 91.Rh1 1/2-1/2

[Event "14th EUR-ch"]
[Site "Minsk BLR"]
[Date "2017.06.05"]
[Round "6.16"]
[White "Bacrot, Etienne"]
[Black "Gelashvili, Tamaz"]
[Result "1-0"]
[WhiteElo "2696"]
[BlackElo "2563"]
[EventDate "2017.05.30"]
[PlyCount "53"]

1.e4 c5 2.Nf3 e6 3.d4 cxd4 4.Nxd4 Nc6 5.Nc3 Qc7 6.Be3 a6 7.Qf3 Bd6 8.O-O-O
Be5 9.g3 Nge7 10.Qe2 Nxd4 11.Bxd4 Bxd4 12.Rxd4 b5 13.Bg2 Nc6 14.Rd2 O-O 
15.Rhd1 Qa5 16.Qh5 d5 17.exd5 b4 18.Nb1 b3 19.axb3 Nb4 20.c3 Na2+ 21.Kc2 
Qc5 22.Qh4 exd5 23.b4 Qb5 24.Bxd5 Bf5+ 25.Kb3 a5 26.Na3 Qd7 27.Kxa2 1-0

[Event "14th EUR-ch"]
[Site "Minsk BLR"]
[Date "2017.06.05"]
[Round "6.17"]
[White "Navara, David"]
[Black "Neiksans, Arturs"]
[Result "1/2-1/2"]
[WhiteElo "2739"]
[BlackElo "2599"]
[EventDate "2017.05.30"]
[PlyCount "88"]

1.d4 Nf6 2.c4 e6 3.Nc3 Bb4 4.e3 O-O 5.Bd3 d5 6.Nf3 b6 7.O-O Bb7 8.cxd5 
exd5 9.a3 Bd6 10.b4 a6 11.Ne5 Nc6 12.f4 Ne7 13.Qf3 c5 14.bxc5 bxc5 15.Rb1 
Rb8 16.g4 cxd4 17.exd4 Ba8 18.g5 Ne4 19.Nxd5 Nxg5 20.fxg5 Bxd5 21.Rxb8 
Bxb8 22.Be4 Qb6 23.Bxd5 Qxd4+ 24.Kg2 Qxd5 25.Qxd5 Nxd5 26.Nd7 Rd8 27.Nxb8 
Rxb8 28.Rd1 Rd8 29.Kf3 f5 30.gxf6 gxf6 31.Rd4 Kf7 32.Bf4 Ke6 33.Ra4 Nxf4 
34.Kxf4 Rd6 35.Ra5 Rc6 36.h4 Rd6 37.Kg4 Rd4+ 38.Kg3 Rd6 39.Kg4 Kf7 40.Kh5 
Kg7 41.Rc5 Rd7 42.Ra5 Rd6 43.Rc5 Rd7 44.Ra5 Rd6 1/2-1/2

[Event "14th EUR-ch"]
[Site "Minsk BLR"]
[Date "2017.06.05"]
[Round "6.18"]
[White "Ter-Sahakyan, Samvel"]
[Black "Andreikin, Dmitry"]
[Result "1/2-1/2"]
[WhiteElo "2598"]
[BlackElo "2723"]
[EventDate "2017.05.30"]
[PlyCount "60"]

1.e4 g6 2.d4 Bg7 3.Nc3 c6 4.f4 Qb6 5.Nf3 d5 6.e5 Bg4 7.Be2 Nh6 8.Nh4 Bxe2 
9.Nxe2 e6 10.O-O c5 11.c3 Nc6 12.Kh1 cxd4 13.Nxd4 Nxd4 14.cxd4 f5 15.Nf3 
Nf7 16.Rf2 O-O 17.h3 g5 18.g4 fxg4 19.hxg4 gxf4 20.Qd3 Nxe5 21.Nxe5 Bxe5 
22.Rh2 Bg7 23.Qxh7+ Kf7 24.Rh6 Rh8 25.Qg6+ Kg8 26.Bxf4 Rf8 27.Rxh8+ Kxh8 
28.Be5 Bxe5 29.Qh6+ Kg8 30.dxe5 Qf2 1/2-1/2

[Event "14th EUR-ch"]
[Site "Minsk BLR"]
[Date "2017.06.05"]
[Round "6.21"]
[White "Mamedov, Rauf"]
[Black "Fedorov, Alexei"]
[Result "1-0"]
[WhiteElo "2689"]
[BlackElo "2598"]
[EventDate "2017.05.30"]
[PlyCount "73"]

1.e4 c5 2.Nf3 e6 3.d4 cxd4 4.Nxd4 a6 5.Nc3 b5 6.Bd3 Bb7 7.O-O Nc6 8.Nxc6 
Bxc6 9.Re1 Bc5 10.Qh5 Qb6 11.Be3 Bxe3 12.Rxe3 Ne7 13.e5 Nd5 14.Nxd5 Bxd5 
15.Qg5 g6 16.Qh6 Qc5 17.a4 b4 18.Qg7 Qf8 19.Qf6 Rg8 20.Qh4 a5 21.Bb5 Rc8 
22.c4 bxc3 23.bxc3 h5 24.Qd4 Qc5 25.Qd2 Ke7 26.c4 Bc6 27.Rd1 Rgd8 28.Rd3 
Kf8 29.Qf4 Kg8 30.h3 Qb4 31.Rd4 Qb3 32.Kh2 Rf8 33.Qf6 Qc2 34.R1d3 Qe2 35.
Bxc6 Rxc6 36.Rxd7 Rcc8 37.Rf3 1-0

[Event "14th EUR-ch"]
[Site "Minsk BLR"]
[Date "2017.06.05"]
[Round "6.22"]
[White "Korobov, Anton"]
[Black "Prohaszka, Peter"]
[Result "0-1"]
[WhiteElo "2688"]
[BlackElo "2596"]
[EventDate "2017.05.30"]
[PlyCount "164"]

1.d4 d5 2.c4 c6 3.Nf3 Nf6 4.g3 Bg4 5.Ne5 Bf5 6.cxd5 cxd5 7.Nc3 Nc6 8.f3 
Rc8 9.Bg2 Bd7 10.O-O Qb6 11.Nxd7 Nxd7 12.Nxd5 Qxd4+ 13.e3 Qxd1 14.Rxd1 e6 
15.Nc3 Nb6 16.b3 Nb4 17.Bd2 Bc5 18.Kf2 O-O 19.f4 N6d5 20.Nxd5 Nxd5 21.a4 
f5 22.Ke2 Kf7 23.e4 fxe4 24.Bxe4 Rfd8 25.Rac1 b6 26.Rc4 a5 27.Be1 g6 28.
Kf3 Nb4 29.Rcc1 Na2 30.Ra1 Nb4 31.g4 Bd4 32.Rac1 Rxc1 33.Rxc1 Bc5 34.Ke2 
Rd4 35.Rc4 Rxc4 36.bxc4 Na6 37.Bb7 Nc7 38.Bc3 Ne8 39.Be4 Nd6 40.Bd3 Bg1 
41.Be5 Bc5 42.Kf3 Bb4 43.Kg3 Bc5 44.Be2 Ne4+ 45.Kf3 Nd6 46.Kg2 Bb4 47.h4 
Bc5 48.g5 Kf8 49.Kh3 Nf5 50.h5 Bd6 51.Bxd6+ Nxd6 52.Bd3 Nf5 53.h6 Ke7 54.
Kg4 Kd6 55.Kf3 Kc5 56.Ke4 Kd6 57.Bc2 Ne7 58.Bd1 Nf5 59.Bg4 Ne7 60.Kd3 Nc6 
61.Bf3 Ne7 62.Bb7 Nf5 63.Ke4 Ng3+ 64.Kf3 Nf5 65.Ba6 e5 66.Bc8 Ne7 67.Bb7 
exf4 68.Kxf4 Nc6 69.Ke3 Kc7 70.Ba6 Nd8 71.Bb5 Kd6 72.Kf4 Nc6 73.c5+ bxc5 
74.Bc4 Nd8 75.Bd3 Kd5 76.Bc2 c4 77.Bb1 Kd4 78.Bc2 Nf7 79.Bb1 Kc3 80.Ba2 
Kd3 81.Kg4 Ke3 82.Kh4 c3 0-1

[Event "14th EUR-ch"]
[Site "Minsk BLR"]
[Date "2017.06.05"]
[Round "6.23"]
[White "Artemiev, Vladislav"]
[Black "Can, Emre"]
[Result "1-0"]
[WhiteElo "2682"]
[BlackElo "2589"]
[EventDate "2017.05.30"]
[PlyCount "99"]

1.e4 c5 2.Nf3 d6 3.Bb5+ Nd7 4.d4 cxd4 5.Qxd4 Nf6 6.O-O a6 7.Be2 g6 8.Nc3 
Bg7 9.Rd1 O-O 10.e5 dxe5 11.Nxe5 Qc7 12.Bf4 Nh5 13.Bxh5 Bxe5 14.Nd5 Qd6 
15.Bxe5 Nxe5 16.Qe3 Rb8 17.f4 Nc6 18.Bf3 h5 19.Rd2 Bg4 20.Nb6 Qe6 21.Qxe6 
Bxe6 22.Rad1 Rfd8 23.Kf2 Rxd2+ 24.Rxd2 Kf8 25.Rd7 Na5 26.b3 Rc8 27.Nxc8 
Bxd7 28.Nb6 Bf5 29.c4 f6 30.b4 Nc6 31.b5 axb5 32.cxb5 Nd4 33.Bxb7 Nxb5 34.
a4 Na7 35.Ke3 Ke8 36.Kd4 Kd8 37.Kc5 Kc7 38.Bf3 h4 39.a5 e6 40.Nc4 Nc8 41.
Nb6 Na7 42.a6 Bd3 43.Bb7 Bf1 44.h3 Nb5 45.Nc8 g5 46.fxg5 fxg5 47.Nb6 Nd6 
48.Bc6 Bxa6 49.Na8+ Kb8 50.Kxd6 1-0

[Event "14th EUR-ch"]
[Site "Minsk BLR"]
[Date "2017.06.05"]
[Round "6.24"]
[White "Azarov, Sergei"]
[Black "Areschenko, Alexander"]
[Result "1/2-1/2"]
[WhiteElo "2582"]
[BlackElo "2677"]
[EventDate "2017.05.30"]
[PlyCount "120"]

1.e4 c5 2.Nf3 d6 3.d4 cxd4 4.Nxd4 Nf6 5.Nc3 a6 6.Bg5 e6 7.f4 Qb6 8.Qd2 
Qxb2 9.Rb1 Qa3 10.e5 h6 11.Bh4 dxe5 12.fxe5 Nfd7 13.Ne4 Qxa2 14.Rd1 Qd5 
15.Qe3 Qxe5 16.Be2 Bc5 17.Bg3 Qd5 18.c4 Bxd4 19.Rxd4 Qa5+ 20.Rd2 O-O 21.
Bd6 f5 22.Bxf8 Nxf8 23.Nd6 Nbd7 24.Bf3 Rb8 25.Kf2 Nc5 26.g4 f4 27.Qxf4 Ng6
28.Qf7+ Kh7 29.Rhd1 Bd7 30.Be4 Nxe4+ 31.Nxe4 Rf8 32.Nf6+ Kh8 33.Qxg6 Qc5+ 
34.Kf1 Qxc4+ 35.Ke1 Rxf6 36.Qxf6 gxf6 37.Rxd7 Qe4+ 38.Kf2 Qf4+ 39.Ke1 Qe3+
40.Kf1 Qf3+ 41.Ke1 h5 42.gxh5 Qh1+ 43.Kd2 Qxh2+ 44.Kc1 Qxh5 45.Rxb7 Qc5+ 
46.Kb1 Qf5+ 47.Kc1 Qf4+ 48.Kb2 Qe5+ 49.Kc1 Qa1+ 50.Kd2 Qa5+ 51.Kc1 Qg5+ 
52.Kb1 f5 53.Rdd7 Qg8 54.Rd1 Qc8 55.Rh1+ Kg8 56.Rg1+ Kf8 57.Rgg7 Qc3 58.
Rbf7+ Ke8 59.Rb7 Qd3+ 60.Kb2 Qd4+ 1/2-1/2

[Event "14th EUR-ch"]
[Site "Minsk BLR"]
[Date "2017.06.05"]
[Round "6.25"]
[White "Svane, Rasmus"]
[Black "Rakhmanov, Alexander"]
[Result "1/2-1/2"]
[WhiteElo "2573"]
[BlackElo "2676"]
[EventDate "2017.05.30"]
[PlyCount "103"]

1.d4 d5 2.c4 e6 3.Nc3 a6 4.cxd5 exd5 5.Qb3 Nc6 6.Nf3 Bb4 7.Bf4 Nge7 8.e3 
Bf5 9.Be2 O-O 10.O-O Kh8 11.Rac1 Bd6 12.Bxd6 Qxd6 13.Na4 Nd8 14.Nc5 c6 15.
Qc3 Bg4 16.Rfe1 Bxf3 17.Bxf3 f5 18.b4 Rb8 19.a4 Nf7 20.g3 Ng5 21.Bg2 Ne4 
22.Qb2 Ng8 23.b5 axb5 24.axb5 Nxc5 25.Rxc5 Ne7 26.Ra1 Ra8 27.bxc6 bxc6 28.
h4 g6 29.Rca5 Rxa5 30.Rxa5 Rb8 31.Qa2 Kg7 32.Bf3 Qb4 33.Ra7 Qb1+ 34.Qxb1 
Rxb1+ 35.Kg2 Kf6 36.g4 h6 37.g5+ hxg5 38.hxg5+ Ke6 39.Ra8 Kf7 40.Rd8 f4 
41.Bg4 fxe3 42.fxe3 c5 43.dxc5 Rc1 44.Rd6 Rxc5 45.Be6+ Ke8 46.Kf3 d4 47.
exd4 Rxg5 48.Kf4 Rg1 49.Ra6 Rf1+ 50.Kg5 Nd5 51.Bxd5 Rf5+ 52.Kxg6 1/2-1/2

[Event "14th EUR-ch"]
[Site "Minsk BLR"]
[Date "2017.06.05"]
[Round "6.26"]
[White "Grandelius, Nils"]
[Black "Abasov, Nijat"]
[Result "1/2-1/2"]
[WhiteElo "2665"]
[BlackElo "2575"]
[EventDate "2017.05.30"]
[PlyCount "134"]

1.d4 Nf6 2.c4 e6 3.Nc3 Bb4 4.g3 d5 5.Bg2 O-O 6.Nf3 dxc4 7.O-O Bd7 8.Ne5 
Bc6 9.e4 a5 10.Be3 Bxc3 11.Nxc6 Nxc6 12.bxc3 e5 13.Rb1 exd4 14.cxd4 Rb8 
15.Qa4 Nxd4 16.Qxc4 Ne6 17.Rfd1 Qc8 18.e5 Nd7 19.f4 Re8 20.Qb5 c6 21.Qxa5 
Nc7 22.a4 Nf8 23.Bf2 Ra8 24.Qb4 Nd5 25.Bxd5 cxd5 26.Qxb7 Qxb7 27.Rxb7 Rxa4
28.Rxd5 Ra2 29.Rdb5 Rc8 30.Rb2 Rxb2 31.Rxb2 g6 32.Kg2 Ne6 33.Kf3 h5 34.Be3
Rc3 35.Rd2 Kg7 36.h3 f5 37.exf6+ Kxf6 38.Rd5 Rb3 39.Ke2 Rb2+ 40.Kf3 Rb3 
41.g4 hxg4+ 42.hxg4 Rb7 43.Rd6 Kf7 44.Ra6 Nc7 45.Ra3 Ne6 46.Ra1 Re7 47.Rh1
Kg7 48.Rh2 Kg8 49.Rb2 Kf7 50.Rb6 Re8 51.Rb4 Re7 52.Bc1 Rd7 53.Bb2 Rd3+ 54.
Kf2 Rd7 55.Ke3 Nc5 56.Bd4 Ne6 57.Be5 Ra7 58.Rb3 Nc5 59.Rc3 Ne6 60.Kf3 Ra4 
61.Kg3 Ra5 62.Re3 Rb5 63.f5 gxf5 64.gxf5 Nc5 65.Kg4 Rb4+ 66.Bf4 Rd4 67.Kf3
Rd3 1/2-1/2